Надшахтные копры: проектирование, расчет и конструкция

Detalhes bibliográficos
Autor principal: Бровман Я. В.
Outros Autores: Каган И. Б. (редактор)
Idioma:russo
Publicado em: Ленинград, Издание угля, 1931
Assuntos:
Formato: Livro
KOHA link:https://koha.lib.tpu.ru/cgi-bin/koha/opac-detail.pl?biblionumber=195968

MARC

LEADER 00000nam0a2200000 4500
001 195968
005 20231031182942.0
035 |a (RuTPU)RU\TPU\book\213789 
090 |a 195968 
100 |a 20110517d1931 m y0rusy50 ca 
101 0 |a rus 
102 |a RU 
105 |a a z 000zy 
200 1 |a Надшахтные копры  |e проектирование, расчет и конструкция  |f Я. В. Бровман  |g под ред. И. Б. Кагана 
210 |a Ленинград  |c Издание угля  |d 1931 
215 |a 348 с.  |c ил. 
610 1 |a копры 
610 1 |a надшахтные копры 
610 1 |a надшахтные сооружения 
610 1 |a проектирование 
610 1 |a расчет 
610 1 |a конструкция 
610 1 |a классификация 
610 1 |a проекты 
675 |a 622.673  |v 3 
700 1 |a Бровман  |b Я. В. 
702 1 |a Каган  |b И. Б.  |4 340 
801 1 |a RU  |b 63413507  |c 20110517 
801 2 |a RU  |b 63413507  |c 20110607  |g RCR 
942 |c BK